Polyfunkčný objekt ako mestotvorný prvok
Salvato in:
| Autore principale: | |
|---|---|
| Altri autori: | |
| Natura: | Manoscritto Libro |
| Lingua: | slovacco |
| Pubblicazione: |
Bratislava :
STU v Bratislave FA,
2011
|
| Soggetti: | |
| Accesso online: | VAIS |
| Tags: |
Nessun Tag, puoi essere il primo ad aggiungerne!!
|
MARC
| LEADER | 00000ntm a22000003a 4500 | ||
|---|---|---|---|
| 001 | stu229275 | ||
| 005 | 20210625074442.8 | ||
| 008 | 110707s2011----xo------------------slo-d | ||
| 040 | |a STU |b slo | ||
| 041 | 0 | |a slo | |
| 044 | |a xo | ||
| 100 | 1 | |a Krištek, Tomáš, |d 1986- |4 aut |u A |T FAD Fakulta architektúry |X 27715 |U A |Y 50 |7 A000027715 | |
| 245 | 1 | |a Polyfunkčný objekt ako mestotvorný prvok | |
| 260 | |a Bratislava : |b STU v Bratislave FA, |c 2011 | ||
| 650 | 7 | |a architektúra |2 stusub | |
| 650 | 7 | |a architecture |2 estusub | |
| 650 | 7 | |a efektivita |2 stusub | |
| 700 | 1 | |a Pifko, Henrich, |d 1959- |4 ths |u A2120 |U FAD Fakulta architektúry |U FAD Fakulta architektúry |T FA Ústav ekologickej a experimentálnej architektúry |X 449 |U A2120 |Y 393 |7 A000000449 | |
| 856 | 4 | |a info a plný text |u http://is.stuba.sk/zp/portal_zp.pl?podrobnosti=72680 |u https://opac.crzp.sk/?fn=detailBiblioForm&sid=2285AAD05CA84FB9ABA6A8E2C50C |3 VAIS | |